000 01916cam a22004574i 4500
003 PE-LiUPU
005 20250731173009.0
008 150625s r 000 0 d
020 _a8433009001
035 _a(Sirsi) i9788433009005
040 _aPE-LiUPU
_bspa
_cPE-LiUPU
_erda
049 _aPRUA
082 0 4 _a220.63
_bCCS1991
_221
100 1 _aGranfield, Patricick,
_eautor.
245 1 4 _aLos Límites del Papado :
_bAutoridad y Autonomia en la Iglesia.
_n23.
264 1 _aBilbao :
_bDesclée de brouwer,
_c1991.
300 _a204 páginas ;
_c21 centímetros
336 _atext
_2rdacontent
337 _aunmediated
_2rdamedia
338 _avolume
_2rdacarrier
505 0 _aSuprema autoridad en acción. -Las pretenciones de primacía. -La posibilidad de limitación. -La experiencia de colegialidad. -La iglesia de Roma y la iglesia local. -El papa y los fieles católicos. -El papa y otros cristianos.
526 _aSEG42
526 _aSEG41
526 _aSEG40
526 _aSEG39
526 _aP94
526 _aP87
526 _aP86
526 _aP85
526 _aP77
526 _aP76
526 _aP35
942 _2ddc
_cBOOK
949 _a220.63 CCS 23 1991
_wDEWEY
_c1
_i37145
_lCCODEBUL1
_mBUL
_r0
_sY
_tBOOK
_u2015-6-25
_xTEOLOGIA
_zUNKNOWN
_0COMPRA
_o.STAFF. Colección General
949 _a270.42 G79
_wDEWEY
_c1
_i33882
_d2016-10-3
_e2016-9-30
_lCCODEBUL1
_mBUL
_n1
_r0
_sY
_tBOOK
_u2015-6-16
_xTEOLOGIA
_zUNKNOWN
_0COMPRA
_o.STAFF. Colección General
994 _aC0
_bPEPRU
596 _a1
999 _a270.42 G79
_wDEWEY
_c23133
_i33882
_d23133
_e2016-9-30
_f2021-11-11
_g5
_lCCODEBUL1
_mBUL
_n1
_r0
_sY
_tBOOK
_u2015-6-16
_xTEOLOGIA
_zUNKNOWN
_0COMPRA
_o.STAFF. Colección General
999 _a220.63 CCS 23 1991
_wDEWEY
_c1
_i37145
_f2021-11-11
_g5
_lCCODEBUL1
_mBUL
_r0
_sY
_tBOOK
_u2015-6-25
_xTEOLOGIA
_zUNKNOWN
_0COMPRA
_o.STAFF. Colección General
980 _81
_gALBERTO SANCHEZ Responsable de Automatización